000 00702nam a22002057a 4500
003 BUBTL
008 200914b xxu||||| |||| 00| 0 eng d
020 _a9788131731758
082 _a657.42/ R1147a/ 2010
100 _aRachchh, Minaxi A.
_93472
245 _aAuditing and Cost Accounting :
_bMinaxi A. Rachchh, Siddheshwar Gadade and Eknath A. Patil and Gunvantrai A. Rachchh
250 _a1st
260 _aDelhi
_bPearson
_cc2010
300 _a473p . :
_bill. ; 23cm.
650 _aAccounting
_93473
700 _aMinaxi A. Rachchh, Siddheshwar Gadade and Eknath A. Patil and Gunvantrai A. Rachchh
_93474
856 _k0
_l0
_yDownload
942 _2ddc
_cBK
999 _c6364
_d6364